000 00341nam a2200157Ia 4500
008 210716s1996 xx 000 0 und d
020 _a789708108
041 _aeng
082 _a004.68 LAWB
100 _aLawrence, Bill.
245 _aUsing netware 4.1.
250 _a2
260 _aUK
_c1996
300 _axliv,1421
650 _aNone
999 _c181162
_d181162